MS-DOS 6.2 Βήμα προς Βημα / Μετάφραση της 1ης Αμερικανικής Έκδοσης 1994 (Record no. 1187)
[ view plain ]
| 000 -LEADER | |
|---|---|
| fixed length control field | 01585cam a22002054a 4500 |
| 005 - ΗΜΕΡΟΜΗΝΙΑ ΚΑΙ ΩΡΑ ΤΕΛΕΥΤΑΙΑΣ ΕΝΗΜΕΡΩΣΗΣ | |
| Πεδίο ελέγχου | 20250605164001.0 |
| 008 - FIXED-LENGTH DATA ELEMENTS--GENERAL INFORMATION | |
| Πεδίο ελέγχου σταθερού μήκους | 250528s ||||||||||||||||||||||||d |
| 035 ## - SYSTEM CONTROL NUMBER | |
| System control number | 15618 |
| 020 ## - ISBN | |
| ISBN | 1565297547 |
| 040 ## - ΠΗΓΗ ΚΑΤΑΛΟΓΟΓΡΑΦΗΣΗΣ | |
| Φορέας πρωτότυπης καταλογογράφησης | MC Athens Campus Library |
| Γλώσσα καταλογογράφησης | Ελληνικά, Μοντέρνα (1453-) |
| Modifying agency | MC Athens Campus Library |
| Κανόνες περιγραφικής καταλογογράφησης | AACR2 |
| 245 1# - ΤΙΤΛΟΣ ΚΑΙ ΔΗΛΩΣΗ ΥΠΕΥΘΥΝΟΤΗΤΑΣ | |
| Τίτλος | MS-DOS 6.2 Βήμα προς Βημα / Μετάφραση της 1ης Αμερικανικής Έκδοσης 1994 |
| 260 ## - PUBLICATION, DISTRIBUTION, ETC. | |
| Name of publisher, distributor, etc. | Γκιούρδας, |
| Date of publication, distribution, etc. | 1994 |
| 300 ## - PHYSICAL DESCRIPTION | |
| Extent | 482 |
| 520 ## - SUMMARY, ETC. | |
| Summary, etc. | Με αυτό το απλό, βήμα-προς-βήμα εγχειρίδιο, μαθαίνετε με τον δικό σας ρυθμό αυτό το δυναμικό λειτουργικό σύστημα. Εισαγωγή, Βασικά του DOS, Το DOS στα Γρήγορα, Εκκίνηση του DOS, Εργασία από την Γραμμή Εντολών του DOS, Αρχεία και Κατάλογοι, Κατανόηση και Χρήση Καταλόγων, Συντήρηση Αρχείων, Χρήση Εντολών του DOS, Μορφοποίηση Δίσκων, Οδηγός Εντολών του DOS, Βασικες Εντολές του DOS, Προχωρημένες Εντολές του DOS, Εξειδίκευση του Συστήματος, Εξειδίκευση του DOS, Προστασία των Δεδομένων, Διασύνδεση του DOS 6.2 για Windows, Παράρτημα, Καθορισμός και Εγκατάσταση, Ευρετήριο. |
| 700 1# - ΠΡΟΣΘΕΤΗ ΑΝΑΓΡΑΦΗ--ΦΥΣΙΚΟ ΠΡΟΣΩΠΟ | |
| Personal name | Conicki Steve |
| 9 (RLIN) | 1581 |
| 700 1# - ΠΡΟΣΘΕΤΗ ΑΝΑΓΡΑΦΗ--ΦΥΣΙΚΟ ΠΡΟΣΩΠΟ | |
| Personal name | Shimmin Bradley F |
| 9 (RLIN) | 1582 |
| 942 ## - ADDED ENTRY ELEMENTS (KOHA) | |
| Koha item type | Books |
| Τύπος τεκμηρίου | Βιβλιοθήκη | Τρέχουσα τοποθεσία | Barcode | Αριθμός εισαγωγής | Ημερομηνία απόκτησης | Ταξιθετικό σύμβολο | Αριθμός αντιτύπου | Κατάσταση απόσυρσης | Κατάσταση χαμένου | Κατάσταση κατεστραμμένου | Μη δανεισμός | Σύνολο δανεισμών | Ημερομηνία τελευταίας εμφάνισης | Η τιμή ισχύει από |
|---|---|---|---|---|---|---|---|---|---|---|---|---|---|---|
| Books | MC Athens Campus Library | MC Athens Campus Library | 9780000011862 | 1966 | 05/06/2025 | 005.446 9 KON | 1 | 05/06/2025 | 05/06/2025 |